Descubrimientos espirituales
Zapisane w:
| 1. autor: | |
|---|---|
| Format: | Książka |
| Język: | hiszpański |
| Wydane: |
Buenos Aires
Emecé
1951
|
| Seria: | Grandes Ensayistas
|
| Hasła przedmiotowe: | |
| Etykiety: |
Dodaj etykietę
Nie ma etykietki, Dołącz pierwszą etykiete!
|
MARC
| LEADER | 00000cam a2200000 a 4500 | ||
|---|---|---|---|
| 001 | UCY9272 | ||
| 003 | CL-VaPUC | ||
| 008 | 950713e19510000AG |||||||||||||||||spa|d | ||
| 082 | 0 | 4 | |a 854 |b PAP |2 21 |
| 100 | |a Papini, Giovanni |e autor |9 456366 | ||
| 245 | 1 | 0 | |a Descubrimientos espirituales |
| 300 | |a 217 p | ||
| 942 | |c BK | ||
| 945 | |d 19950713 00:00:00 |a aalvarez | ||
| 260 | |a Buenos Aires |b Emecé |c 1951 | ||
| 650 | 7 | |a ENSAYOS ITALIANOS |2 CL-VaPUC |9 313702 | |
| 650 | 0 | |a Literatura italiana |9 266970 | |
| 650 | 0 | |a Filosofía italiana |9 265241 | |
| 650 | 0 | |a Filosofía de la religión |9 256017 | |
| 583 | |a last modification |c 20170530 05:26:07 |k Rodrigo Vera | ||
| 490 | 0 | |a Grandes Ensayistas | |
| 999 | |c 236396 |d 236394 | ||
| 952 | |0 0 |1 0 |4 0 |6 854_000000000000000_PAP_1951 |7 0 |8 P |9 244460 |a BIBEDU |b BIBEDU |c BIBEDU_PB |d 2019-11-18 |i 3104621 |o 854 PAP 1951 |p 3104621 |r 2024-01-25 |w 2019-11-18 |y BK |k FIL | ||
| 952 | |0 0 |1 0 |4 0 |6 854_000000000000000_PAP_1951 |7 0 |8 P |9 244461 |a BIBEDU |b BIBEDU |d 2019-11-18 |i 3283240 |o 854 PAP 1951 |p 3283240 |r 2019-11-18 |w 2019-11-18 |y BK |k LIT | ||
| 952 | |0 0 |1 0 |3 erb |4 0 |6 854_000000000000000_PAP_1951 |7 0 |8 P |9 244462 |a BIBEDU |b BIBEDU |c BIBEDU_PB |e Valenzuela Fuenzalida, Alvaro Miguel, 1932- |i 5203139 |o 854 PAP 1951 |p 5203139 |r 2024-01-25 |w 2019-11-18 |y BK |z Catalogado en:20150827 |k LIT | ||